[Event "Dutch Open"]
[Site "Dieren NED"]
[Date "2002.07.16"]
[Round "7"]
[White "Kritz,L"]
[Black "Ikonnikov,V"]
[Result "1/2-1/2"]
[WhiteElo "2454"]
[BlackElo "2527"]

1.e4 c5 2.Nf3 Nc6 3.Bb5 g6 4.Bxc6 dxc6 5.d3 Bg7 6.h3 e5 7.a3 a5 8.Be3 Qe7
9.Qd2 Nf6 10.Bh6 O-O 11.Bxg7 Kxg7 12.Qc3 Nd7 13.O-O f6 14.Nbd2 b5 15.b4 axb4
16.axb4 Bb7 17.bxc5 Qxc5 18.Qb2 Rxa1 19.Rxa1 Ra8 20.Rxa8 Bxa8 21.Nb3 Qa7
22.d4 exd4 23.Nbxd4 c5 24.Nxb5 Qb6 25.c4 Bxe4 26.Qe2 Qe6 27.Nc7 Qc6 28.Ne8+ Kf8
29.Nd6 Qxd6 30.Qxe4  1/2-1/2

[Event "Richard Aronow Mem"]
[Site "Philadelphia USA"]
[Date "2002.07.16"]
[Round "5"]
[White "Smith,BG"]
[Black "Rogers,N"]
[Result "0-1"]
[WhiteElo "2412"]
[BlackElo "2354"]

1.e4 c5 2.Nf3 Nc6 3.Bb5 Nd4 4.Nxd4 cxd4 5.Bc4 d6 6.O-O Nf6 7.Qe2 e6 8.c3 dxc3
9.Nxc3 Be7 10.Bb3 O-O 11.d4 a6 12.e5 Ne8 13.Bc2 d5 14.Qd3 g6 15.Bh6 Ng7 16.Nd1 Bd7
17.a4 Qb6 18.a5 Qc7 19.Nc3 Rfc8 20.Qe3 Bb4 21.Qf4 Bxc3 22.bxc3 Qxc3 23.Rfc1 Qb4
24.Rab1 Qxa5 25.Rxb7 Rxc2 26.Rxd7 Nf5 27.Rb1 Rac8 28.Bg5 R2c4 29.g4 Rxd4
30.Qf3 Qa4 31.gxf5 Qxd7 32.fxg6 fxg6 33.Bf6 Qa4 34.h3 Rf4 35.Qg3 Qe4 36.Qb3 Rxf2  0-1

[Event "3rd Stage Russian Cup"]
[Site "Tomsk RUS"]
[Date "2002.07.16"]
[Round "9"]
[White "Yandemirov,V"]
[Black "Lependin,A"]
[Result "1-0"]
[WhiteElo "2502"]
[BlackElo "2356"]

1.e4 c5 2.Nf3 Nc6 3.Bb5 e6 4.Bxc6 bxc6 5.d3 d5 6.O-O Nf6 7.e5 Nd7 8.Qe2 Be7
9.c4 O-O 10.Nc3 Qc7 11.Bf4 Ba6 12.Rfe1 Rae8 13.b3 Kh8 14.Ng5 Bxg5 15.Bxg5 f6
16.exf6 gxf6 17.Bh4 Qf4 18.Qh5 Ne5 19.Bg3 Qf5 20.Qxf5 exf5 21.cxd5 cxd5 22.Nxd5 Ng6
23.Rxe8 Rxe8 24.Nc7 Re2 25.Nxa6 f4 26.Nxc5 fxg3 27.hxg3 Ne5 28.f3 Nc6 29.Ne4 f5
30.Rc1 fxe4 31.Rxc6 exf3 32.gxf3 Rxa2 33.b4 Kg7 34.g4 Rb2 35.Ra6 Rxb4 36.Rxa7+ Kg6
37.Kf2 h6 38.Ra6+ Kg5 39.Kg3  1-0

[Event "TCh-POL Jun"]
[Site "Laczna POL"]
[Date "2002.07.17"]
[Round "4"]
[White "Barglowski,F"]
[Black "Szromba,K"]
[Result "1-0"]
[WhiteElo "2250"]
[BlackElo "2118"]

1.e4 c5 2.Nf3 Nc6 3.Bb5 g6 4.O-O Bg7 5.Re1 e5 6.c3 Nge7 7.d3 O-O 8.Be3 d6
9.Na3 h6 10.d4 exd4 11.cxd4 cxd4 12.Nxd4 d5 13.exd5 Nxd4 14.Bxd4 Bxd4 15.Qxd4 Qxd5
16.Qf6 Nc6 17.Bc4 Qf5 18.Bxf7+ Kh7 19.Bxg6+ Qxg6 20.Qxf8  1-0

[Event "US Junior"]
[Site "Dallas USA"]
[Date "2002.07.18"]
[Round "2"]
[White "Fernandez,D"]
[Black "Zaremba,An"]
[Result "1/2-1/2"]
[WhiteElo "2290"]
[BlackElo "2321"]

1.e4 c5 2.Nf3 Nc6 3.Bb5 g6 4.Bxc6 dxc6 5.d3 Nf6 6.h3 Bg7 7.Nc3 O-O 8.Be3 Nd7
9.Qd2 e5 10.Bh6 Qe7 11.h4 Nf6 12.Bxg7 Kxg7 13.Qg5 Kg8 14.Qd2 Re8 15.Qg5 Kg7
16.O-O-O Nh5  1/2-1/2

[Event "US Junior"]
[Site "Dallas USA"]
[Date "2002.07.18"]
[Round "2"]
[White "Hoekstra,M"]
[Black "Wang,P"]
[Result "0-1"]
[WhiteElo "2238"]
[BlackElo "2306"]

1.e4 c5 2.Nf3 Nc6 3.Bb5 g6 4.O-O Bg7 5.c3 Nf6 6.Re1 O-O 7.d4 d5 8.e5 Ne4
9.Bxc6 bxc6 10.Nbd2 Nxd2 11.Nxd2 cxd4 12.cxd4 c5 13.dxc5 Qc7 14.Nb3 Bxe5
15.Qxd5 Bxh2+ 16.Kh1 Bb7 17.Qg5 h6 18.Qxh6 Be5 19.Qg5 Bf6 20.Qf4 Qc6 21.Qh2 a5
22.Be3 Rfd8 23.Rad1 Rd5 24.Rxd5 Qxd5 25.f3 a4 26.Nd2 Qxa2 27.Qc7 Bd5 28.Qd7 Kg7
29.c6 Be6 30.Qb7 Rh8+ 31.Kg1 Qxb2 32.Ne4 Be5 33.Qxe7 Bh2+ 34.Kf1 Bc4+  0-1

[Event "Capital of Siberia Open"]
[Site "Novosibirsk RUS"]
[Date "2002.07.19"]
[Round "1"]
[White "Grachev,J"]
[Black "Frolova,T"]
[Result "1-0"]
[WhiteElo "2398"]
[BlackElo "2158"]

1.e4 c5 2.Nf3 Nc6 3.Bb5 g6 4.Bxc6 bxc6 5.d3 Bg7 6.O-O d6 7.Nc3 e5 8.Be3 Ne7
9.Qd2 f5 10.Bh6 O-O 11.Bxg7 Kxg7 12.Ne2 f4 13.c3 Bg4 14.d4 Bxf3 15.gxf3 cxd4
16.cxd4 g5 17.Rac1 Qc8 18.dxe5 dxe5 19.Qd6 Ng6 20.Rxc6 Qh3 21.Rc7+ Rf7 22.Rxf7+ Kxf7
23.Rd1 Qxf3 24.Qd5+ Kg7 25.Qxa8 Qxe2 26.Qd5 Kh6 27.Qd3 Qg4+ 28.Kh1 Nh4 29.Rg1 Qe6
30.Qd8  1-0

[Event "24th Politiken Cup"]
[Site "Copenhagen DEN"]
[Date "2002.07.20"]
[Round "6"]
[White "Simonsen,O"]
[Black "Aaberg,A"]
[Result "1/2-1/2"]
[WhiteElo "2240"]
[BlackElo "2408"]

1.e4 c5 2.Nf3 Nc6 3.Bb5 e6 4.O-O Nge7 5.Re1 a6 6.Bf1 d5 7.exd5 Nxd5 8.d3 Be7
9.g3 O-O 10.Bg2 Bd7 11.Nbd2 b5 12.Ne4 Rc8 13.c4 Nf6 14.Be3 Nxe4 15.dxe4 Qb6
16.cxb5 axb5 17.b4 Rfd8 18.bxc5 Bxc5 19.Bxc5 Qxc5 20.Rc1 Qa3 21.Qb3 Qxb3
22.axb3 Be8 23.Bf1 b4 24.Ba6 Rb8 25.Rc5 Rb6 26.Bb5 Ne5 27.Nxe5 Rxb5 28.Rec1 f6
29.Rc8 Rxc8 30.Rxc8 Rxe5 31.Rxe8+ Kf7 32.Rh8 Rxe4 33.Rxh7 Re1+ 34.Kg2 Rb1
35.Rh8 Rxb3 36.h4 f5 37.Rb8 Rb2 38.Rb7+ Kf6 39.Rb6 g6 40.Kg1 Ke5 41.Kg2 b3
42.Kf3 Rb1 43.Rb5+ Kf6 44.Rb6 Rb2 45.Kg2 Ke5 46.Kf3 Rb1 47.Rb5+ Kf6 48.Rb6 Rb2
49.Kg2 Ke7 50.Kf3 e5 51.Rxg6 e4+ 52.Ke3 Rb1 53.Kd2 Rf1 54.Kc3 Rxf2 55.Kxb3 Rd2
56.Rc6 Kf7 57.Rc2 Rd8 58.Rf2 Ke6 59.Rh2 Ke5 60.h5 e3 61.Kc2 Ke4 62.Rh4+ Kf3
63.Rf4+ Kxg3 64.Rxf5 e2 65.Re5 Kf2 66.Rf5+ Ke1 67.h6 Rc8+ 68.Kb2 Kd2 69.Rd5+ Ke3
70.Re5+ Kf3 71.h7 Rf8 72.Kc2 Kf2 73.Rf5+ Rxf5 74.h8=Q Rc5+ 75.Kd3 e1=Q 76.Qd4+ Kf1
77.Qxc5  1/2-1/2

[Event "Open Aegean Ch"]
[Site "Ikaros GRE"]
[Date "2002.07.21"]
[Round "9"]
[White "Khamatgaleev,A"]
[Black "Gogolis,A"]
[Result "1-0"]
[WhiteElo "2416"]
[BlackElo "2237"]

1.e4 c5 2.Nf3 Nc6 3.Bb5 g6 4.O-O Bg7 5.Re1 Nf6 6.e5 Nd5 7.Nc3 Nc7 8.Bxc6 dxc6
9.Ne4 Ne6 10.d3 O-O 11.Be3 b6 12.Qc1 Nd4 13.Nxd4 cxd4 14.Bh6 Bxe5 15.Bxf8 Qxf8
16.a4 a5 17.Qg5 f6 18.Qh4 c5 19.f4 Bc7 20.Re2 Bd7 21.Rae1 Re8 22.b3 Kg7 23.Nd2 Qf7
24.Nc4 e6 25.Qg4 Re7 26.Qf3 Qe8 27.Qb7 Qd8 28.g3 Kf7 29.Rc1 Bc8 30.Qg2 Qd7
31.Rce1 Bd8 32.h4 Bb7 33.Qxb7 Qxb7 34.Nd6+ Kf8 35.Nxb7 Rxb7 36.Rxe6 Kf7 37.Kg2 h5
38.Kf3 f5 39.Rc6 Rd7 40.Ree6  1-0

[Event "Open Aegean Ch"]
[Site "Ikaros GRE"]
[Date "2002.07.21"]
[Round "9"]
[White "Stefanopoulos,O"]
[Black "Stoumbos,K"]
[Result "1/2-1/2"]
[WhiteElo "2267"]
[BlackElo "2144"]

1.e4 c5 2.Nf3 Nc6 3.Bb5 e6 4.O-O Nge7 5.b3 Ng6 6.Bb2 f6 7.Bxc6 bxc6 8.e5 fxe5
9.Nxe5 d6 10.Nxg6 hxg6 11.Qg4 g5 12.Qe4 Qc7 13.Qg6+ Qf7 14.Qxg5 e5 15.Qg3 g5
16.Bxe5 dxe5 17.Qxe5+ Be6 18.Qxh8 O-O-O 19.Qc3 Bd6 20.Re1 Rf8 21.Qe3 Bd7
22.Nc3 Qh5 23.h3 g4 24.Ne4 Bf4 25.Qxc5 Rf5 26.Qxa7 gxh3 27.Qa8+ Kc7 28.Qa7+ Kc8
29.Qa8+ Kc7  1/2-1/2

[Event "Open Aegean Ch"]
[Site "Ikaros GRE"]
[Date "2002.07.21"]
[Round "9"]
[White "Howell,D"]
[Black "Galianina Ryjanova,J"]
[Result "0-1"]
[WhiteElo "2211"]
[BlackElo "2362"]

1.e4 c5 2.Nf3 Nc6 3.Bb5 d6 4.O-O Bd7 5.Re1 Nf6 6.c3 a6 7.Bxc6 Bxc6 8.d4 cxd4
9.cxd4 Bxe4 10.Nc3 Bxf3 11.Qxf3 e6 12.Qxb7 Qc8 13.Qxc8+ Rxc8 14.Bg5 Be7 15.d5 Nxd5
16.Bxe7 Nxe7 17.Ne4 Rc6 18.b4 O-O 19.Rac1 Rfc8 20.Rxc6 Rxc6 21.Rd1 Nd5 22.a3 Kf8
23.g3 Ke7 24.Rd2 h6 25.f4 Rc1+ 26.Kg2 f5 27.Nf2 Ne3+ 28.Kh3 g5 29.Rd3 g4+
30.Kh4 Rc2 31.Rxe3 Rxf2 32.Kh5 Kf6 33.h4 gxh3 34.Kxh6 Rg2 35.Re1 Rxg3  0-1

[Event "Battle of Senta Open"]
[Site "Senta YUG"]
[Date "2002.07.21"]
[Round "4"]
[White "Ardeleanu,A"]
[Black "Lajthajm,B"]
[Result "1/2-1/2"]
[WhiteElo "2350"]
[BlackElo "2418"]

1.e4 c5 2.Nf3 Nc6 3.Bb5 d6 4.O-O Bd7 5.Re1 a6 6.Bxc6 Bxc6 7.d4 cxd4 8.Nxd4 Rc8
9.b3 Nf6 10.Nxc6 Rxc6 11.c4 e6 12.Bb2 Be7 13.Nc3 Qa5 14.Qf3 O-O 15.a4 Rfc8
16.Re3 Qb4 17.Na2 Qa5 18.e5 Ne8 19.Bc3 Qb6 20.Bd4 Qa5 21.Bc3 Qb6 22.Bd4  1/2-1/2

[Event "US Junior"]
[Site "Dallas USA"]
[Date "2002.07.22"]
[Round "8"]
[White "Fernandez,D"]
[Black "Wang,P"]
[Result "1-0"]
[WhiteElo "2290"]
[BlackElo "2306"]

1.e4 c5 2.Nf3 Nc6 3.Bb5 g6 4.Bxc6 dxc6 5.d3 Bg7 6.h3 Nf6 7.Nc3 O-O 8.Be3 b6
9.Qd2 e5 10.Bh6 Qd6 11.Bxg7 Kxg7 12.O-O Ne8 13.Rae1 Nc7 14.b3 Ne6 15.Nh2 h5
16.Ne2 f6 17.f4 exf4 18.Nxf4 Bd7 19.Kh1 Rae8 20.Nxe6+ Bxe6 21.Nf3 Bg8 22.Qc3 Kh6
23.Rf2 Qg3 24.Ref1 Re6 25.Nd2 Kg7 26.Nc4 Qc7 27.Rf3 Qd8 28.Qe1 Re7 29.Ne3 Be6
30.Qh4 Qd4 31.Rg3 Kh6 32.Ng4+ Kg7 33.Ne3 Kh6 34.Ng4+ Kg7 35.Nh2 Kh6 36.Nf3 Qd8
37.Ne5 Rg7 38.Ng4+ Bxg4 39.hxg4 Kh7 40.gxh5 gxh5 41.Qxh5+ Kg8 42.Rxg7+ Kxg7
43.Rf3 Rf7 44.Rg3+ Kf8 45.Qh8+ Ke7 46.Qxd8+ Kxd8 47.Rf3 Ke7 48.Kg1 Ke6 49.Kf2 Rg7
50.Rg3 Rh7 51.Rh3 Rg7 52.Rh5 Rd7 53.Kf3 a5 54.a4 Rg7 55.g4 Rf7 56.Kf4 Rg7
57.Rh6 Ke7 58.Rh8 Kd6 59.Rf8 Rg6 60.Rf7 b5 61.Kf5  1-0

[Event "Lasker Mem Open"]
[Site "Barlinek POL"]
[Date "2002.07.23"]
[Round "5"]
[White "Brodsky,M"]
[Black "Sprenger,J"]
[Result "1/2-1/2"]
[WhiteElo "2539"]
[BlackElo "2426"]

1.e4 c5 2.Nf3 Nc6 3.Bb5 g6 4.Bxc6 dxc6 5.d3 Bg7 6.h3 e5 7.Nbd2 Ne7 8.a3 O-O
9.b4 cxb4 10.axb4 Qc7 11.O-O Be6 12.Ng5 Bd7 13.Nb3 h6 14.Nf3 b6 15.Bb2 Be6
16.Ra3 g5 17.d4 Ng6 18.Nxe5 Nxe5 19.dxe5 Bxb3 20.Rxb3 Bxe5 21.Bc1 Bf4 22.Qh5 Bxc1
23.Rxc1 Kg7 24.Re1 f6 25.h4 Rae8 26.Rd3 Qf7 27.Qd1 Qc4 28.Rd4 Qf7 29.Re3 Re7
30.Rc3 Qe6 31.Rd6 Qe5 32.Re3 Rc7 33.hxg5 fxg5 34.Rh3 Rf6 35.Rxf6 Qxf6 36.Rf3 Qe5
37.Qd8 Rf7 38.Rxf7+ Kxf7 39.Qd7+ Qe7 40.Qxc6 Qxb4 41.Qd5+ Ke7 42.Qe5+ Kf7
43.Qf5+ Ke7 44.Qh7+ Ke8 45.Qg6+ Ke7 46.Qh7+ Ke8 47.Qg6+ Ke7  1/2-1/2

[Event "XVIII Open"]
[Site "Ferrol ESP"]
[Date "2002.07.23"]
[Round "7"]
[White "Janev,E"]
[Black "Lakos,N"]
[Result "1-0"]
[WhiteElo "2511"]
[BlackElo "2287"]

1.e4 c5 2.Nf3 Nc6 3.Bb5 e6 4.O-O Nge7 5.c3 a6 6.Be2 d5 7.exd5 Nxd5 8.d4 h6
9.a3 cxd4 10.cxd4 Bd6 11.Nc3 Nxc3 12.bxc3 Qc7 13.c4 O-O 14.c5 Be7 15.Be3 Bf6
16.Qc1 g5 17.Rd1 Rd8 18.Rb1 g4 19.Bf4 Qa5 20.Ne5 Nxd4 21.Bxg4 b6 22.Nc4 Qxc5
23.Nxb6 Qxc1 24.Rbxc1 e5 25.Bxc8 Ne2+ 26.Kf1 Nxc1 27.Rxd8+ Bxd8 28.Nxa8 exf4
29.Bxa6 Kf8 30.Bc4 Ba5 31.g3 fxg3 32.fxg3 Ke7 33.Kf2 f6 34.Ke3 Kd6 35.Kd4 Kc6
36.Bd5+ Kd6 37.Bg2 Nb3+ 38.Kc4 Nd2+ 39.Kb5 Bd8 40.a4 Nb3 41.Nb6 Nd4+ 42.Ka6 Nb3
43.Nd5 Ke5 44.Kb5 f5 45.Kb4 Nd4 46.Kc4 Ne2 47.Nb4 Bc7 48.Nc6+ Kf6 49.Kd3 Nc1+
50.Kc2 Ne2 51.Kd2 Nxg3 52.hxg3 Bxg3 53.a5 Bc7 54.a6 Bb6 55.Ke2 h5 56.Kf3 Kg5
57.Bh3 f4 58.a7 Bxa7 59.Nxa7 Kh4 60.Bc8 Kg5 61.Nc6 h4 62.Bh3 Kf6 63.Kxf4 Kf7
64.Kf5 Kg7 65.Ke6 Kg6 66.Ne7+ Kg5 67.Ke5 Kh6 68.Kf6 Kh7 69.Bf5+ Kh8 70.Kg6 h3
71.Kh6  1-0

[Event "XVIII Open"]
[Site "Ferrol ESP"]
[Date "2002.07.23"]
[Round "7"]
[White "Vazquez,R"]
[Black "Damaso,R"]
[Result "1/2-1/2"]
[WhiteElo "2406"]
[BlackElo "2450"]

1.e4 c5 2.Nf3 Nc6 3.Bb5 g6 4.Bxc6 dxc6 5.d3 Bg7 6.O-O Nf6 7.h3 Nd7 8.Nc3 Nf8
9.Be3 Ne6 10.Nd2 O-O 11.f4 Nd4 12.Rb1 b6 13.a3 a5 14.Ne2 a4 15.Nf3 Ra7 16.Nexd4 cxd4
17.Bd2 c5 18.Qe1 e6  1/2-1/2

[Event "Capital of Siberia Open"]
[Site "Novosibirsk RUS"]
[Date "2002.07.24"]
[Round "6"]
[White "Zemtsov,R"]
[Black "Zhang Yushkov,N"]
[Result "1-0"]
[WhiteElo "2272"]
[BlackElo "2168"]

1.e4 c5 2.Nf3 Nc6 3.Bb5 e6 4.Bxc6 bxc6 5.e5 f6 6.O-O fxe5 7.Nxe5 Nf6 8.f4 d6
9.Nf3 h6 10.Nh4 Qb6 11.Ng6 Rg8 12.Nc3 Bd7 13.d3 O-O-O 14.Qe2 c4+ 15.Be3 cxd3
16.Qxd3 c5 17.Nxf8 Rgxf8 18.b4 Ng4 19.bxc5 dxc5 20.Rfb1 c4 21.Bxb6 cxd3 22.Bxd8 dxc2
23.Rb2 Kxd8 24.Rxc2 Rxf4 25.Rd2 Ke8 26.Rad1  1-0

[Event "KB Czech Open"]
[Site "Pardubice CZE"]
[Date "2002.07.24"]
[Round "6"]
[White "Kristjansson,S"]
[Black "Sandner,G"]
[Result "1-0"]
[WhiteElo "2428"]
[BlackElo "2312"]

1.e4 c5 2.Nf3 Nc6 3.Bb5 g6 4.Bxc6 bxc6 5.e5 f6 6.O-O fxe5 7.Nxe5 d6 8.Nc4 Bg7
9.Re1 Nf6 10.d3 O-O 11.h3 e5 12.Bg5 Qc7 13.f4 Nh5 14.fxe5 d5 15.Nd6 Be6 16.Nd2 h6
17.Bh4 Qd7 18.Nb3 Bxe5 19.Rxe5 Qxd6 20.Qe1 Nf4 21.d4 cxd4 22.Nxd4 Rae8 23.Bg3 c5
24.Nxe6 Nxe6 25.Qe3 Qc6 26.Re1 Ng7 27.Qxh6 Nf5 28.Qg5 d4 29.Bf4 Rxe5 30.Rxe5 c4
31.h4 d3 32.cxd3 cxd3 33.h5 Nd4 34.Be3 Rf5 35.Qd8+  1-0

[Event "KB Czech Open"]
[Site "Pardubice CZE"]
[Date "2002.07.24"]
[Round "6"]
[White "Shaposhnikov,E"]
[Black "Balabaev,T"]
[Result "1/2-1/2"]
[WhiteElo "2532"]
[BlackElo "2441"]

1.e4 c5 2.Nf3 Nc6 3.Bb5 g6 4.O-O Bg7 5.c3 Nf6 6.Re1 O-O 7.h3 e5 8.d4 cxd4
9.cxd4 exd4 10.e5 Nd5 11.Bg5 Qb6 12.Na3 a6 13.Bxc6 dxc6 14.Nc4 Qa7 15.Nxd4 h6
16.Bh4 c5 17.Nf5 Bxf5 18.Qxd5 Be6 19.Qe4 Bxc4 20.Qxc4 b5 21.Qg4 h5 22.Qe4 Rfe8
23.f4 c4+ 24.Kh2 Rac8 25.Rad1 Qa8 26.Qxa8 Rxa8 27.Rd7 Bh6 28.Kg3 Rac8 29.Rd4 c3
30.bxc3 Rxc3+ 31.Kh2 Rc4 32.Ree4 Rec8 33.a4 Bf8 34.axb5 axb5 35.Be1 Ba3 36.Rxc4 Rxc4
37.Rxc4 bxc4 38.Bc3  1/2-1/2

[Event "Lasker Mem Open"]
[Site "Barlinek POL"]
[Date "2002.07.25"]
[Round "7"]
[White "Socko,B"]
[Black "Sprenger,J"]
[Result "1-0"]
[WhiteElo "2562"]
[BlackElo "2426"]

1.e4 c5 2.Nf3 Nc6 3.Bb5 g6 4.Bxc6 dxc6 5.d3 Bg7 6.h3 e5 7.Be3 Qe7 8.Qd2 b6
9.Nc3 Nf6 10.Bh6 O-O 11.Bxg7 Kxg7 12.O-O-O a5 13.g4 a4 14.Ne2 b5 15.Ng3 b4
16.Kb1 Ne8 17.Rhg1 Kh8 18.c3 Nc7 19.cxb4 cxb4 20.d4 f6 21.d5 cxd5 22.exd5 Bb7
23.d6 Qf7 24.dxc7 Bxf3 25.Rc1 Rfc8 26.Qd6 Bd5 27.a3 bxa3 28.bxa3 Qe6 29.Qxe6 Bxe6
30.Rgd1 Kg8 31.Ne4 f5 32.Nd6 Rf8 33.gxf5 gxf5 34.Rc5 e4 35.Rg1+ Kh8 36.Re5 Bb3
37.Rc1  1-0

[Event "XVIII Open"]
[Site "Ferrol ESP"]
[Date "2002.07.25"]
[Round "9"]
[White "Herrera,I"]
[Black "Lakos,N"]
[Result "1/2-1/2"]
[WhiteElo "2478"]
[BlackElo "2287"]

1.e4 c5 2.Nf3 Nc6 3.Bb5 e6 4.O-O Nge7 5.Qe1 a6 6.Bxc6 Nxc6 7.b3 Be7 8.Bb2 O-O
9.a4 d6 10.d3 Bd7 11.c4 Bf6 12.Ra2 Bxb2 13.Rxb2  1/2-1/2

[Event "XVIII Open"]
[Site "Ferrol ESP"]
[Date "2002.07.25"]
[Round "9"]
[White "Janev,E"]
[Black "Wohl,A"]
[Result "1/2-1/2"]
[WhiteElo "2511"]
[BlackElo "2419"]

1.e4 c5 2.Nf3 Nc6 3.Bb5 d6 4.O-O Bd7 5.Re1 a6 6.Bf1 Nf6 7.c3 Bg4 8.h3 Bxf3
9.Qxf3 e6 10.d3 Be7 11.Nd2 O-O 12.Qe2 b5 13.Nf3 b4 14.Qc2 a5 15.Be3  1/2-1/2

[Event "Macedonian Open"]
[Site "Struga MKD"]
[Date "2002.07.25"]
[Round "6"]
[White "Nedev,T"]
[Black "Milanovic,Da"]
[Result "1-0"]
[WhiteElo "2476"]
[BlackElo "2427"]

1.e4 c5 2.Nf3 Nc6 3.Bb5 e6 4.O-O Nge7 5.c3 a6 6.Ba4 b5 7.Bc2 Bb7 8.Qe2 Ng6
9.d4 cxd4 10.cxd4 Nh4 11.Nbd2 Rc8 12.Bb1 Nxf3+ 13.Nxf3 d5 14.e5 Be7 15.g3 g5
16.Be3 Kd7 17.a4 bxa4 18.Rxa4 h6 19.Ne1 Qb6 20.f4 Qb5 21.Qd1 gxf4 22.Rxf4 Rcf8
23.Nd3 h5 24.Bc2 h4 25.g4 h3 26.Qf1 Ke8 27.Rf3 Rh4 28.Rg3 Rg8 29.Qd1 a5 30.Ra1 Qb6
31.Ba4 Kd8 32.Rc1 Nb4 33.Nf2 Bg5 34.Bxg5+ Rxg5  1-0

[Event "ch-TUR"]
[Site "Ankara TUR"]
[Date "2002.07.26"]
[Round "5"]
[White "Can,E"]
[Black "Ozyilmaz,A"]
[Result "1/2-1/2"]
[WhiteElo "2014"]
[BlackElo "2136"]

1.e4 c5 2.Nf3 Nc6 3.Bb5 g6 4.O-O Bg7 5.Re1 Nf6 6.e5 Nd5 7.Nc3 Nc7 8.Bxc6 dxc6
9.d3 Bg4 10.h3 Be6 11.Be3 b6 12.Qd2 h6 13.a4 a5 14.Rad1 Nd5 15.d4 c4 16.Nxd5 Bxd5
17.Nh2 Qd7 18.Nf1 Kf8 19.Ng3 Kg8 20.f4 h5 21.Rf1 h4 22.Ne2 Rh5 23.f5 Rxf5
24.Rxf5 Qxf5 25.Rf1 Qd7 26.Rf4 c3 27.Nxc3 g5 28.Rf1 f6 29.Nxd5 Qxd5 30.exf6 exf6
31.Qd3 Re8 32.Bd2 Re4 33.c3 Qe6 34.Qb1 Re2 35.Re1 g4 36.Rxe2 Qxe2 37.Qe1 Qd3
38.hxg4 h3 39.Qe3 Qb1+ 40.Kh2 hxg2  1/2-1/2

[Event "6th Open"]
[Site "Korinthos GRE"]
[Date "2002.07.26"]
[Round "4"]
[White "Markidis,K"]
[Black "Pambalou,F"]
[Result "1-0"]
[WhiteElo "2362"]
[BlackElo "2063"]

1.e4 c5 2.Nf3 Nc6 3.Bb5 g6 4.O-O Bg7 5.Re1 e5 6.a3 Nge7 7.b4 d6 8.c3 Bd7
9.d3 a6 10.Bc4 O-O 11.Be3 cxb4 12.axb4 Be6 13.Bxe6 fxe6 14.Nbd2 d5 15.Qb3 Kh8
16.h3 Rc8 17.b5 axb5 18.Qxb5 d4 19.cxd4 exd4 20.Bg5 Rc7 21.Ra4 Bf6 22.Bf4 Rd7
23.Rea1 Nc8 24.Nc4 Qe8 25.Ra8 Qf7 26.Bg3 Kg8 27.Nce5 Nxe5 28.Nxe5 Bxe5 29.Qxe5 Qe7
30.Rc1 Rdd8 31.Rc7 Rd7 32.Rcxc8  1-0

[Event "Capital of Siberia Open"]
[Site "Novosibirsk RUS"]
[Date "2002.07.26"]
[Round "8"]
[White "Zablotsky,S"]
[Black "Solodovnikov,M"]
[Result "1-0"]
[WhiteElo "2388"]
[BlackElo "2266"]

1.e4 c5 2.Nf3 Nc6 3.Bb5 g6 4.O-O Bg7 5.d3 Nf6 6.Nc3 O-O 7.h3 d6 8.Bxc6 bxc6
9.Be3 Rb8 10.Rb1 Nd7 11.Qd2 Re8 12.Bh6 e5 13.Nh2 Nf8 14.Bxg7 Kxg7 15.f4 exf4
16.Rxf4 Ne6 17.Rf2 Qg5 18.Qe1 Nd4 19.Nf3 Nxf3+ 20.Rxf3 Be6 21.Qf2 Rb7 22.b3 Qe5
23.Ne2 a5 24.a4 Kg8 25.Rf1 Qb2 26.Nf4 Qd4 27.Re3 Qe5 28.Kh1 Ree7 29.Rf3 Rbd7
30.Rg3 Kh8 31.Ne2 Ra7 32.Ng1 Qd4 33.Qd2 Kg8 34.Nf3 Qf6 35.Qh6 Rac7 36.Kh2 Rcd7
37.Ng5 Qg7 38.Qh4 Re8 39.Qf4 Qe5 40.Qd2 Ra8 41.Rf4 h6 42.Nf3 Qg7 43.Rh4 d5
44.e5 d4 45.Rh5 Bd5 46.e6 Bxe6 47.Qf4 Rd5 48.Qh4 Rad8 49.Ng5 Rxg5 50.Rgxg5 Ra8
51.Rg3 Bd5 52.Qf4 Re8 53.Rh4 Qe5 54.Qf2 Kg7 55.Qd2 Qe1 56.Qxh6+ Kf6 57.Rf4+ Ke6
58.Qg7 Re7 59.Qf6+ Kd7 60.Rg5 Qe2 61.Rf2 Qe3 62.Rg3 Qe1 63.Qf4 Re5 64.Qd2 Qxd2
65.Rxd2 Ke7 66.Rg4 g5 67.h4 gxh4 68.Rxh4 Kd7 69.Rf2 Re8 70.Rh5 Kd6 71.g4 Rg8
72.Kg3 Re8 73.Kf4 Re6 74.g5 Re1 75.Rh8 Kc7 76.Ra8 Kb6  1-0

[Event "Capital of Siberia Open"]
[Site "Novosibirsk RUS"]
[Date "2002.07.26"]
[Round "8"]
[White "Kazakov,P"]
[Black "Bibko,I"]
[Result "1-0"]
[WhiteElo "2424"]
[BlackElo "2336"]

1.e4 c5 2.Nf3 Nc6 3.Bb5 g6 4.O-O Bg7 5.Bxc6 dxc6 6.h3 Nf6 7.d3 Nd7 8.Nc3 e5
9.Be3 Qe7 10.Qd2 O-O 11.Bh6 Re8 12.Bxg7 Kxg7 13.Nh2 Nf8 14.f4 exf4 15.Rxf4 Ne6
16.Rf2 Qg5 17.Qxg5 Nxg5 18.Raf1 Re7 19.b3 b6 20.Ne2 h6 21.h4 Nh7 22.h5 Ng5
23.hxg6 fxg6 24.Nf3 Nxf3+ 25.gxf3 Bh3 26.Re1 Rf8 27.Kh2 Be6 28.Rg1 Kh7 29.f4 Ref7
30.Rfg2 Rf6 31.f5 Bf7 32.Nf4 g5 33.Nh3 Re8 34.Kg3 b5 35.Nf2 h5 36.Kf3 g4+
37.Kf4 Rd6 38.c3 Kh6 39.Nxg4+ hxg4 40.Rxg4  1-0

[Event "17th Open"]
[Site "Avoine FRA"]
[Date "2002.07.27"]
[Round "8"]
[White "Nevednichy,V"]
[Black "Smetankin,S"]
[Result "1/2-1/2"]
[WhiteElo "2537"]
[BlackElo "2455"]

1.e4 c5 2.Nf3 Nc6 3.Bb5 g6 4.c3 Nf6 5.e5 Nd5 6.d4 cxd4 7.O-O Bg7 8.cxd4 O-O
9.Nc3 Nxc3 10.bxc3 d6 11.exd6 Qxd6 12.Re1 a6 13.Bxc6 Qxc6 14.Qd2 Be6 15.Ne5 Qc7
16.Ba3 Rac8 17.Rac1 Rfd8 18.Qe3 Bxe5 19.dxe5 Rd7 20.h4 Qd8 21.h5 Bxa2 22.h6 Be6
23.f3 b5  1/2-1/2

[Event "KB Czech Open"]
[Site "Pardubice CZE"]
[Date "2002.07.27"]
[Round "9"]
[White "Hasangatin,R"]
[Black "Bleis,C"]
[Result "1-0"]
[WhiteElo "2517"]
[BlackElo "2139"]

1.e4 c5 2.Nf3 Nc6 3.Bb5 g6 4.O-O Bg7 5.Re1 e5 6.Bxc6 dxc6 7.d3 Qe7 8.a3 Nh6
9.h3 f6 10.Qd2 Nf7 11.Qc3 O-O 12.b4 b6 13.bxc5 b5 14.a4 Rb8 15.axb5 Rxb5
16.Na3 Rb8 17.Nc4 Ng5 18.Nxg5 fxg5 19.Nd6 Bxh3 20.gxh3 g4 21.Re3 Qh4 22.Rg3 h5
23.Be3 Rf3 24.Rxf3 gxf3 25.Qc4+ Kh7 26.Qe6 Rf8 27.Rxa7 Rb8 28.Kh2 Rb1 29.Rxg7+ Kxg7
30.Qf7+ Kh8 31.Qf8+ Kh7 32.Qh6+ Kg8 33.Qxg6+ Kh8 34.Nf7+  1-0

[Event "KB Czech Open"]
[Site "Pardubice CZE"]
[Date "2002.07.27"]
[Round "9"]
[White "Kristjansson,S"]
[Black "Moroz,A"]
[Result "0-1"]
[WhiteElo "2428"]
[BlackElo "2514"]

1.e4 c5 2.Nf3 Nc6 3.Bb5 e6 4.O-O Nge7 5.Re1 a6 6.Bxc6 Nxc6 7.d4 cxd4 8.Nxd4 d6
9.Nc3 Bd7 10.Nd5 exd5 11.exd5+ Ne7 12.Bg5 h6 13.Qh5 hxg5 14.Qxh8 Qa5 15.Qh5 Qxd5
16.Rad1 g6 17.Qh7 O-O-O 18.Ne6 Qxd1 19.Rxd1 Bxe6 20.Qh8 Nc6 21.Qc3 d5 22.a3 d4
23.Qd2 g4 24.b4 Bd6 25.Qe2 Rh8 26.h3 gxh3 27.c3 hxg2 28.cxd4 Rh1+ 29.Kxg2 Bd5+  0-1

[Event "Lost Boys Open"]
[Site "Amsterdam NED"]
[Date "2002.07.28"]
[Round "3"]
[White "Salakhutdinov,I"]
[Black "Kritz,L"]
[Result "1/2-1/2"]
[WhiteElo "2238"]
[BlackElo "2454"]

1.e4 c5 2.Nf3 Nc6 3.Bb5 e6 4.Bxc6 bxc6 5.d3 Qc7 6.O-O d6 7.Re1 Ne7 8.c3 Ng6
9.d4 cxd4 10.cxd4 Be7 11.Nc3 O-O 12.e5 d5 13.Na4 f6 14.exf6 gxf6 15.Bh6 Rf7
16.h4 Bd6 17.h5 Ne7 18.Qe2 Bd7 19.Ne5 Bxe5 20.dxe5 Nf5 21.Bf4 c5 22.Nc3 Nd4
23.Qd2 f5 24.Nxd5 exd5 25.e6 Rg7 26.Kh1 Qd8 27.exd7 Qh4+ 28.Bh2 Rxd7 29.h6 Rd6
30.Re3 Rg6 31.Rh3 Qe4 32.f3 Qe2 33.Qxe2 Nxe2 34.Rd1 d4 35.Rh5 Rf8 36.Rd2 Re6
37.Rg5+ Kh8 38.g4 fxg4 39.fxg4 Nf4 40.Bxf4 Rxf4 41.Kg2 Rxh6 42.Kg3 Re4 43.Rxc5 Rg6
44.Rc8+ Kg7 45.Rc7+ Kg8 46.Rc8+ Kg7  1/2-1/2

[Event "ch-TUR"]
[Site "Ankara TUR"]
[Date "2002.07.28"]
[Round "9"]
[White "Can,E"]
[Black "Ataman,A"]
[Result "1/2-1/2"]
[WhiteElo "2014"]
[BlackElo "2156"]

1.e4 c5 2.Nf3 Nc6 3.Bb5 g6 4.O-O Bg7 5.Re1 Nf6 6.e5 Nd5 7.Nc3 Nc7 8.Bxc6 dxc6
9.Ne4 Ne6 10.d3 O-O 11.Be3 b6 12.Qd2 f6 13.Bh6 a5 14.Bxg7 Kxg7 15.exf6+ exf6
16.Re2 Rb8  1/2-1/2

[Event "6th Open"]
[Site "Korinthos GRE"]
[Date "2002.07.28"]
[Round "6"]
[White "Sperdokli,E"]
[Black "Pavlovic,SD"]
[Result "0-1"]
[WhiteElo "2119"]
[BlackElo "2354"]

1.e4 c5 2.Nf3 Nc6 3.Bb5 g6 4.Bxc6 dxc6 5.h3 e5 6.d3 f6 7.Be3 Nh6 8.Nc3 Nf7
9.Qd2 g5 10.O-O-O Be6 11.Kb1 Qa5 12.b3 c4 13.Ne2 Qxd2 14.Rxd2 cxd3 15.Rxd3 b5
16.Ng3 h5 17.h4 g4 18.Nd2 a5 19.Rd1 Rh7 20.f4 gxf3 21.gxf3 a4 22.f4 Bg4 23.Re1 Bb4
24.c3 Be7 25.b4 Rd8 26.Rxd8+ Nxd8 27.f5 Nb7 28.Kc2 Rg7 29.Rg1 Kf7 30.a3 Rg8
31.Nh1 Nd6 32.Kc1 Nb7 33.Nf2 c5 34.Nxg4 hxg4 35.h5 g3 36.Kd1 Rg4 37.Ke2 cxb4
38.cxb4 Rh4 39.h6 Bf8 40.Rxg3 Bxh6 41.Bxh6 Rxh6 42.Kd3 Rh2 43.Re3 Nd6 44.Re2 Rh1
45.Kc2 Rh3 46.Kb2 Rd3 47.Rh2 Rxd2+ 48.Rxd2 Nc4+ 49.Kc2 Nxd2 50.Kxd2 Kg7 51.Ke2 Kh6
52.Kf2 Kh5  0-1

[Event "Somes Open"]
[Site "Satu-Mare ROM"]
[Date "2002.07.28"]
[Round "3"]
[White "Sanduleac,V"]
[Black "Chernov,Va"]
[Result "1-0"]
[WhiteElo "2484"]
[BlackElo "2401"]

1.e4 c5 2.Nf3 Nc6 3.Bb5 g6 4.Bxc6 dxc6 5.h3 Bg7 6.d3 Nf6 7.Nc3 Nd7 8.Be3 e5
9.Qd2 Qe7 10.Bh6 Bxh6 11.Qxh6 f6 12.Nh2 Nf8 13.f4 exf4 14.Qxf4 Ne6 15.Qf2 Nd4
16.Nf3 Nxf3+ 17.gxf3 Be6 18.O-O-O O-O-O 19.f4 Rhe8 20.Rde1 b6 21.h4 Qf7 22.b3 f5
23.e5 a5 24.h5 Rg8 25.hxg6 hxg6 26.Rh6 Rg7 27.Rg1 Rdg8 28.Nd1 Qd7  1-0